000 00802nam a2200265 4500
001 49465
003 BD-RjUL
005 20211209054702.0
008 160821s1973 onc b 000 0 eng
020 _a0888101805
035 _a(BD-RjUL)49584
040 _aDLC
_cDLC
_dDLC
_beng
041 _aeng
082 0 0 _a362.0723
_bCAE 1973
100 1 _aCarter, Novia.
_9148435
245 1 0 _aEvaluating social development programs /
_cby Novia Carter with Brian Wharf.
260 _a[Ottawa :
_bCanadian Council on Social Development,
_c1973]
300 _a161 p. ;
_c28 cm.
350 _a$2.50
504 _aBibliography: p. 147-161.
650 0 _aEvaluation research (Social action programs)
_9148436
700 1 _aWharf, Brian,
_ejoint author.
_9148437
942 _2ddc
_cBK
999 _c49465
_d49465